US State Capital Names Which Contain a "D" - Statistics

General Stats
  • This quiz has been taken 97 times
  • The average score is 8 of 10
Answer Stats
Hint Answer % Correct
Denver
91%
Dover
86%
Des Moines
83%
Madison
82%
Hartford
80%
Indianapolis
79%
Providence
79%
Springfield
79%
Concord
75%
Richmond
74%
No matching quizzes found
Score Distribution
Percent of People with Each Score
Percentile by Number Answered
Your Score History
You have not taken this quiz